000 00372nam a2200145Ia 4500
008 230917s9999||||xx |||||||||||||| ||und||
040 _e201764
_aMAIN
041 _aEnglish
082 _a823.08 M896L
100 _aMukherjee, Meenakshi
245 0 _aLet's go home and other stories
260 _aHyderabad
_bOrient Blackswan
_c2009
300 _ax, 126 p.
942 _cBK
999 _c170459
_d170459